Hiệu ứng Magnus, Tìm hiểu và ứng dụng
Hiệu ứng Magnus. Tương tác điện tử. Hệ luận của hiệu ứng Magnus. Áp dụng hiệu ứng Magnus để tìm các năng lượng mới. nam châm.
Đã lưu trong:
| Tác giả chính: | |
|---|---|
| Tác giả khác: | |
| Định dạng: | Sách |
| Ngôn ngữ: | Vietnamese |
| Được phát hành: |
Đà Nẵng
Đại học Đà Nẵng
2009
|
| Những chủ đề: | |
| Các nhãn: |
Thêm thẻ
Không có thẻ, Là người đầu tiên thẻ bản ghi này!
|
| Thư viện lưu trữ: | Mạng thư viện Đại học Đà Nẵng |
|---|
| LEADER | 01340nam a2200349 4500 | ||
|---|---|---|---|
| 001 | 000012126 | ||
| 003 | 8414 | ||
| 005 | 20120216080241.0 | ||
| 008 | 120216s2009 viesd | ||
| 041 | |a vie | ||
| 072 | |a Khóa luận tốt nghiệp | ||
| 082 | |a 537.624 |b BU-L | ||
| 100 | |a Bùi, Thị Lanh |e Tác giả | ||
| 245 | |a Hiệu ứng Magnus, Tìm hiểu và ứng dụng |c Bùi Thị Lanh | ||
| 260 | |a Đà Nẵng |b Đại học Đà Nẵng |c 2009 | ||
| 300 | |a 67 tr. |c 29 cm | ||
| 500 | |a Khóa luận tốt nghiệp khoa Vật lý | ||
| 520 | |a Hiệu ứng Magnus. Tương tác điện tử. Hệ luận của hiệu ứng Magnus. Áp dụng hiệu ứng Magnus để tìm các năng lượng mới. nam châm. | ||
| 653 | |a Hiệu ứng | ||
| 653 | |a Magnus | ||
| 653 | |a Tìm hiểu | ||
| 700 | |a Nguyễn Văn Đông |c Th.S |e Hướng dẫn | ||
| OWN | |a LSP | ||
| AVA | |a UDN50 |b LSP |d 537.624 BU-L |e available |t Error 5001 Not defined in file expand_doc_bib_avail. |f 1 |g 0 |h N |i 0 |k 1 | ||
| 999 | |a From the UDN01 | ||
| AVA | |a UDN50 |b LSP |d 537.624 BU-L |e available |t Error 5001 Not defined in file expand_doc_bib_avail. |f 1 |g 0 |h N |i 0 |k 1 | ||
| TYP | |a Monograph | ||
| TYP | |a Printed language | ||
| 980 | |a Mạng thư viện Đại học Đà Nẵng | ||